000 00297nam a2200133Ia 4500
008 191201s2009 xx 000 0 und d
100 _aKNOOT,Geoffrey
245 0 _aFinancial Management
250 _aRep
260 _aN. Delhi
_bPalgra
_c2009
300 _a373
650 _aMBA
942 _2ddc
_cBK
999 _c5500
_d5500